| 000 | 00636 a2200145 4500 | ||
|---|---|---|---|
| 082 | _aBEE-5 | ||
| 100 |
_aMuhammad Javed Iqbal _992553 |
||
| 245 |
_aModeling simulation fault analysis and harmonics mitigation of grid connedted wind farms _cMuhammad Javed Iqbal |
||
| 260 |
_aIslamabad _bNUST School of Electrical Engineering and Computer Science _c2012 |
||
| 300 |
_a167p. _b:ill. _c:27cm.+ _eCD-ROM |
||
| 500 | _aSupervisors: Dr. Habib ur Rehman, Dr. Hossein Salehfar, Mr. Abid Mushtaq, Mr. Ammar Anwar Khan | ||
| 700 |
_aRehana Aziz _992554 |
||
| 856 | _uhttp://10.250.8.41:8080/xmlui/handle/123456789/10821 | ||
| 942 |
_cPR _kBEE-5 JAV _2ddc |
||
| 999 |
_c11290 _d11290 |
||